[Event "Dresden ZMD op-A 21st"]
[Site "Dresden"]
[Date "2012.08.25"]
[Round "8"]
[White "Bijlsma, Nick"]
[Black "Wetzel, Robert"]
[Result "1-0"]
[WhiteElo "2104"]
[BlackElo "2072"]
[PlyCount "119"]
[EventDate "2012.08.18"]
[EventType "swiss"]
[EventRounds "9"]
[EventCountry "GER"]
[SourceTitle "CBM 150 Extra"]
[Source "ChessBase"]
[SourceDate "2012.10.19"]
[SourceVersion "1"]
[SourceVersionDate "2012.10.19"]
[SourceQuality "1"]

1. e4 c5 2. Nf3 d6 3. d4 cxd4 4. Nxd4 Nf6 5. Nc3 a6 6. Bc4 e6 7. 0-0 Be7 8. Bb3 0-0 9. f4 Qc7 10. f5 e5 11. Nde2 b5 12. Nd5 Nxd5 13. Bxd5 Bb7 14. Nc3 Nd7 15. a3 Nf6 16. Bxb7 Qxb7 17. Bg5 Ne8 18. Bxe7 Qxe7 19. Nd5 Qh4 20. Qf3 Nf6 21. g3 Qh6 22. Ne3 Rfc8 23. Rad1 Rc6 24. Rf2 Kf8 25. Kg2 Rac8 26. Rfd2 Ke7 27. c3 Rb8 28. Rd3 Rbc8 29. h4 Rg8 30. Rf1 Rf8 31. Rh1 Rg8 32. g4 g5 33. h5 Rgc8 34. Rhd1 Qg7 35. Qe2 h6 36. Kf3 Qf8 37. Qc2 Qd8 38. R3d2 Qb6 39. Qb3 Qc7 40. Nd5+ Nxd5 41. Rxd5 Qb6 42. R5d3 Rd8 43. a4 Rc4 44. axb5 axb5 45. Rd5 Rb8 46. Rxd6 Qxd6 47. Rxd6 Kxd6 48. Qd1+ Kc7 49. Qd5 Rb7 50. Qxf7+ Kb6 51. Qe6+ Rc6 52. Qxe5 Rd7 53. Qb8+ Kc5 54. e5 Rd3+ 55. Ke4 Rg3 56. Qa7+ Rb6 57. Qc7+ Rc6 58. b4+ Kc4 59. Qxc6+ Kb3 60. e6 1-0

[Event "Dresden ZMD op-A 21st"]
[Site "Dresden"]
[Date "2012.08.22"]
[Round "5"]
[White "Hansch, Torsten"]
[Black "Bijlsma, Nick"]
[Result "0-1"]
[WhiteElo "2016"]
[BlackElo "2104"]
[PlyCount "86"]
[EventDate "2012.08.18"]
[EventType "swiss"]
[EventRounds "9"]
[EventCountry "GER"]
[SourceTitle "CBM 150 Extra"]
[Source "ChessBase"]
[SourceDate "2012.10.19"]
[SourceVersion "1"]
[SourceVersionDate "2012.10.19"]
[SourceQuality "1"]

1. d4 Nf6 2. c4 g6 3. Nc3 d5 4. e3 Bg7 5. Nf3 0-0 6. Qb3 dxc4 7. Bxc4 c5 8. Ne5 e6 9. 0-0 Nfd7 10. Nxf7 Kxf7 11. Bxe6+ Ke8 12. dxc5 Nxc5 13. Qb5+ Bd7 14. Bxd7+ Nbxd7 15. Nd5 a6 16. Qb4 Kf7 17. Bd2 Kg8 18. Bc3 Bxc3 19. Qxc3 Rf7 20. Rac1 Qg5 21. Nf4 Re8 22. Rfd1 Qe7 23. Qb4 Qf8 24. Qc4 g5 25. Nh3 h6 26. Rd5 Ne6 27. Qd3 Qg7 28. b4 Ne5 29. Qb3 Kh8 30. f3 g4 31. fxg4 Nxg4 32. g3 Rf3 33. Rd3 Nxh2 34. Qc3 Qxc3 35. Rcxc3 Ng4 36. Kg2 Rf7 37. Nf4 Ng5 38. a4 Re4 39. Rd8+ Kg7 40. Rcc8 Nxe3+ 41. Kh1 Rxb4 42. Rg8+ Kf6 43. Rg6+ Kf5 0-1

[Event "Dresden ZMD op-A 21st"]
[Site "Dresden"]
[Date "2012.08.21"]
[Round "4"]
[White "Bijlsma, Nick"]
[Black "Zeberski, Jakub"]
[Result "0-1"]
[WhiteElo "2104"]
[BlackElo "2295"]
[PlyCount "58"]
[EventDate "2012.08.18"]
[EventType "swiss"]
[EventRounds "9"]
[EventCountry "GER"]
[SourceTitle "CBM 150 Extra"]
[Source "ChessBase"]
[SourceDate "2012.10.19"]
[SourceVersion "1"]
[SourceVersionDate "2012.10.19"]
[SourceQuality "1"]

1. e4 c5 2. Nf3 e6 3. d4 cxd4 4. Nxd4 a6 5. Bd3 Bc5 6. Nb3 Ba7 7. Qe2 Nc6 8. Be3 d6 9. 0-0 Nf6 10. a4 Bxe3 11. Qxe3 0-0 12. f4 e5 13. Nc3 Be6 14. Kh1 Nb4 15. Nd2 Rc8 16. Ra3 Qc7 17. fxe5 dxe5 18. Rxf6 gxf6 19. Nd5 Bxd5 20. exd5 Nxd3 21. Rxd3 Qxc2 22. h3 Qd1+ 23. Kh2 Rc1 24. Nf3 Qh1+ 25. Kg3 Kh8 26. Qh6 Rg8+ 27. Kh4 Rc4+ 28. Kh5 Rf4 29. Nh4 Rg5+ 0-1

[Event "NED-ch U20"]
[Site "Haarlem"]
[Date "2012.05.06"]
[Round "9"]
[White "Bijlsma, Nick"]
[Black "Pijpers, Arthur"]
[Result "0-1"]
[WhiteElo "2144"]
[BlackElo "2338"]
[PlyCount "88"]
[EventDate "2012.04.28"]
[EventType "swiss"]
[EventRounds "9"]
[EventCountry "NED"]
[SourceTitle "EXT 2013"]
[Source "ChessBase"]
[SourceDate "2012.11.22"]
[SourceVersion "1"]
[SourceVersionDate "2012.11.22"]
[SourceQuality "1"]

1. e4 c5 2. Nf3 d6 3. d4 cxd4 4. Nxd4 Nf6 5. Nc3 g6 6. Be3 Bg7 7. f3 Nc6 8. Qd2 0-0 9. Bc4 Bd7 10. 0-0-0 Rc8 11. Bb3 Ne5 12. h4 h5 13. Rdg1 Qa5 14. Kb1 Nc4 15. Bxc4 Rxc4 16. Nb3 Qa6 17. g4 Rxc3 18. bxc3 Bxg4 19. e5 dxe5 20. fxg4 Nxg4 21. Bg5 f6 22. Be3 Kh7 23. Rxg4 hxg4 24. h5 Qc6 25. hxg6+ Kxg6 26. Rh4 f5 27. Bh6 Bf6 28. Bxf8 Bxh4 29. Qh6+ Kf7 30. Qxh4 Kxf8 31. Qh8+ Kf7 32. Qxe5 Qe6 33. Qf4 Kg6 34. Nd4 Qf6 35. Qb8 e5 36. Qg8+ Kh5 37. Qh7+ Kg5 38. Qg8+ Kf4 39. Ne2+ Kf3 40. Ng1+ Kf2 41. Qd5 Kxg1 42. Kc1 Qg5+ 43. Kb2 Qe3 44. a4 g3 0-1

[Event "NED-ch U20"]
[Site "Haarlem"]
[Date "2012.05.02"]
[Round "5"]
[White "Lentjes, Noud"]
[Black "Bijlsma, Nick"]
[Result "0-1"]
[WhiteElo "1946"]
[BlackElo "2144"]
[PlyCount "98"]
[EventDate "2012.04.28"]
[EventType "swiss"]
[EventRounds "9"]
[EventCountry "NED"]
[SourceTitle "EXT 2013"]
[Source "ChessBase"]
[SourceDate "2012.11.22"]
[SourceVersion "1"]
[SourceVersionDate "2012.11.22"]
[SourceQuality "1"]

1. e4 c5 2. Nf3 d6 3. d4 cxd4 4. Nxd4 Nf6 5. Nc3 a6 6. Bg5 e6 7. f4 Qc7 8. Bxf6 gxf6 9. Qd2 Nc6 10. 0-0-0 Bd7 11. Kb1 0-0-0 12. f5 Kb8 13. g3 Nxd4 14. Qxd4 Be7 15. Bh3 Qc5 16. Ne2 Qe5 17. Rhe1 Rhe8 18. Qf2 Bf8 19. Nf4 Bh6 20. Nd3 Qa5 21. fxe6 fxe6 22. Qxf6 Qh5 23. Bg4 Qxg4 24. Qxh6 Bc6 25. Nf4 Bxe4 26. Rd2 d5 27. Nh5 Qh3 28. Qf4+ e5 29. Qg5 h6 30. Qxh6 Bf3 31. Rf2 Qxh5 32. Qxh5 Bxh5 33. Rf5 Bg6 34. Rfxe5 Rxe5 35. Rxe5 Rf8 36. Kc1 Rf2 37. Rxd5 Rxc2+ 38. Kd1 Rxh2 39. Rd2 Rxd2+ 40. Kxd2 Bb1 41. a3 Kc7 42. Ke3 Kc6 43. Kd4 Kb5 44. g4 Ka4 45. Kc4 b5+ 46. Kc5 Kb3 47. g5 Bd3 48. Kd4 Bg6 49. Kc5 Be8 0-1

[Event "NED-ch U20"]
[Site "Haarlem"]
[Date "2012.04.29"]
[Round "2"]
[White "Bijlsma, Nick"]
[Black "Haast, Anne"]
[Result "0-1"]
[WhiteElo "2144"]
[BlackElo "2282"]
[PlyCount "142"]
[EventDate "2012.04.28"]
[EventType "swiss"]
[EventRounds "9"]
[EventCountry "NED"]
[SourceTitle "EXT 2013"]
[Source "ChessBase"]
[SourceDate "2012.11.22"]
[SourceVersion "1"]
[SourceVersionDate "2012.11.22"]
[SourceQuality "1"]

1. e4 c5 2. Nf3 e6 3. d4 cxd4 4. Nxd4 Nc6 5. Nc3 Qc7 6. g3 a6 7. Bg2 h5 8. 0-0 h4 9. Nxc6 dxc6 10. Be3 hxg3 11. hxg3 b5 12. f4 Bb7 13. a4 b4 14. Nb1 c5 15. c3 Nf6 16. Nd2 Rd8 17. Qe2 Be7 18. Rfe1 Qb8 19. Rad1 Qa8 20. Bf2 Bc6 21. a5 Kf8 22. cxb4 cxb4 23. Bb6 Rd7 24. Nc4 Rxd1 25. Qxd1 Nxe4 26. Ne5 Bd5 27. Qc2 Nd6 28. Bxd5 Qxd5 29. Qg2 Qxg2+ 30. Kxg2 g5 31. fxg5 Kg7 32. g6 Rc8 33. gxf7 Rc2+ 34. Kf3 Nxf7 35. Nxf7 Kxf7 36. Bd4 Bd8 37. Ke4 Bc7 38. g4 Rg2 39. Rf1+ Ke8 40. Bb6 Rxg4+ 41. Kd3 Bd6 42. Rh1 Kd7 43. Rh7+ Kc6 44. Ra7 Kb5 45. Rb7 Ka4 46. Ra7 Kb5 47. Rb7 Kc6 48. Ra7 Kd5 49. Rxa6 Rg3+ 50. Ke2 Rg2+ 51. Kd1 Rxb2 52. Kc1 Rh2 53. Be3 Re2 54. Bd2 Bc5 55. Ra8 b3 56. Rb8 Kc4 57. a6 Rg2 58. Bf4 Rg1+ 59. Kd2 Bb4+ 60. Ke3 b2 61. a7 b1Q 62. Rc8+ Bc5+ 63. Rxc5+ Kxc5 64. a8Q Qe1+ 65. Kd3 Qd1+ 66. Kc3 Qd4+ 67. Kc2 Rg7 68. Qc8+ Kb5 69. Qb8+ Qb6 70. Qf8 Qf2+ 71. Kb1 Rg1+ 0-1

[Event "Groningen op-A 48th"]
[Site "Groningen"]
[Date "2011.12.30"]
[Round "9"]
[White "Galoyan, Levon"]
[Black "Bijlsma, Nick"]
[Result "1-0"]
[WhiteElo "2231"]
[BlackElo "2150"]
[PlyCount "65"]
[EventDate "2011.12.21"]
[EventType "swiss"]
[EventRounds "9"]
[EventCountry "NED"]
[SourceTitle "CBM 146 Extra"]
[Source "ChessBase"]
[SourceDate "2012.02.29"]
[SourceVersion "1"]
[SourceVersionDate "2012.02.29"]
[SourceQuality "1"]

1. d4 Nf6 2. c4 g6 3. Nc3 d5 4. cxd5 Nxd5 5. Na4 e5 6. dxe5 Bb4+ 7. Bd2 Ne3 8. fxe3 Bxd2+ 9. Qxd2 Qh4+ 10. g3 Qxa4 11. Qd4 Qa5+ 12. b4 c5 13. bxa5 cxd4 14. exd4 Nc6 15. e3 Nxa5 16. Nh3 Bf5 17. Nf2 Rc8 18. Bd3 Bxd3 19. Nxd3 Rc2 20. Rc1 Rxa2 21. Nb4 Ra4 22. Rc8+ Kd7 23. Rxh8 Ra1+ 24. Kf2 Rxh1 25. Rxh7 Ke6 26. Nd3 Ke7 27. Nf4 Kf8 28. d5 Nc4 29. e6 Nd6 30. e4 fxe6 31. e5 Nc4 32. Nxg6+ Kg8 33. dxe6 1-0

[Event "Groningen op-A 48th"]
[Site "Groningen"]
[Date "2011.12.23"]
[Round "3"]
[White "Bijlsma, Nick"]
[Black "Clemens, Adrian HP"]
[Result "1/2-1/2"]
[WhiteElo "2150"]
[BlackElo "2226"]
[PlyCount "81"]
[EventDate "2011.12.21"]
[EventType "swiss"]
[EventRounds "9"]
[EventCountry "NED"]
[SourceTitle "CBM 146 Extra"]
[Source "ChessBase"]
[SourceDate "2012.02.29"]
[SourceVersion "1"]
[SourceVersionDate "2012.02.29"]
[SourceQuality "1"]

1. e4 c5 2. Nf3 e6 3. d4 cxd4 4. Nxd4 a6 5. Bd3 Bc5 6. Nb3 Be7 7. Qg4 g6 8. Qe2 d6 9. 0-0 Nd7 10. a4 b6 11. a5 b5 12. Be3 Ngf6 13. N1d2 d5 14. exd5 Nxd5 15. Bh6 Bf8 16. Bxf8 Kxf8 17. c4 bxc4 18. Nxc4 Qe7 19. Rfd1 Bb7 20. Ne5 Nxe5 21. Qxe5 f6 22. Qd4 e5 23. Qa4 Kg7 24. Rac1 Rac8 25. Bxa6 Rxc1 26. Nxc1 Bxa6 27. Rxd5 Rd8 28. Rxd8 Qxd8 29. h3 Qd2 30. Qc6 Qxa5 31. Kh2 Qb5 32. Qc7+ Kh6 33. Qd6 f5 34. Qf8+ Kg5 35. Qe7+ Kh6 36. g4 fxg4 37. hxg4 Qc4 38. Qh4+ Kg7 39. Qe7+ Kh6 40. Qh4+ Kg7 41. Qe7+ 1/2-1/2